| 000 | 00917nam a2200301 i 4500 | ||
|---|---|---|---|
| 001 | 53987 | ||
| 003 | ES-MaACL | ||
| 005 | 20240501063031.0 | ||
| 007 | t| | ||
| 008 | 031120s1988 sp ||||0| spa d ..| | ||
| 015 | _a1990-ABR-7813 | ||
| 016 | 7 | _zSAB9000082071 | |
| 020 | _a84-7223-278-6 | ||
| 040 |
_aM-BN-DP _bspa _cM-BN-DP |
||
| 080 | _a820(73)-94"14" | ||
| 100 | 1 |
_aMiller, Arthur, _d1915-2005 _981199 |
|
| 245 | 1 | 0 |
_aVueltas al tiempo / _cArthur Miller ; traducción de Antonio-Prometeo Moya. |
| 250 | _a[1ª ed.]. | ||
| 260 |
_aBarcelona : _bTusquets, _c1988. |
||
| 300 |
_a587 p., [32] p. de lám ; _c23 cm. |
||
| 490 | 1 |
_aColección Andanzas ; _v78 |
|
| 500 | _aTraducción de: Timebends. | ||
| 504 | _aIndice. | ||
| 700 | 1 |
_aMoya, Antonio-Prometeo. _983949 |
|
| 830 | 0 | 0 |
_aColección Andanzas _v78 _9234359 |
| 852 |
_aES-MaACL _jL-26704 _bR.131763 |
||
| 999 |
_c53987 _d53987 |
||